Behavior in organizations / (Record no. 221853)
[ view plain ]
| 000 -LEADER | |
|---|---|
| fixed length control field | 01914cam a2200325 a 4500 |
| 001 - CONTROL NUMBER | |
| control field | 16145858 |
| 003 - CONTROL NUMBER IDENTIFIER | |
| control field | OSt |
| 005 - DATE AND TIME OF LATEST TRANSACTION | |
| control field | 20220314102415.0 |
| 008 - FIXED-LENGTH DATA ELEMENTS--GENERAL INFORMATION | |
| fixed length control field | 100319s2011 njua b 001 0 eng |
| 010 ## - LIBRARY OF CONGRESS CONTROL NUMBER | |
| LC control number | 2010011791 |
| 020 ## - INTERNATIONAL STANDARD BOOK NUMBER | |
| International Standard Book Number | 9780136090199 |
| 020 ## - INTERNATIONAL STANDARD BOOK NUMBER | |
| International Standard Book Number | 9788120346024 |
| 040 ## - CATALOGING SOURCE | |
| Original cataloging agency | DLC |
| Transcribing agency | DLC |
| Modifying agency | DLC |
| 042 ## - AUTHENTICATION CODE | |
| Authentication code | pcc |
| 050 00 - LIBRARY OF CONGRESS CALL NUMBER | |
| Classification number | HD58.7 |
| Item number | .G7176 2011 |
| 082 00 - DEWEY DECIMAL CLASSIFICATION NUMBER | |
| Classification number | 658.4 |
| Edition number | 10 |
| Item number | GREJ |
| 100 1# - MAIN ENTRY--PERSONAL NAME | |
| Personal name | Greenberg, Jerald. |
| 9 (RLIN) | 23556 |
| 245 10 - TITLE STATEMENT | |
| Title | Behavior in organizations / |
| Statement of responsibility, etc. | By Jerald Greenberg. |
| 250 ## - EDITION STATEMENT | |
| Edition statement | 10th ed. |
| 260 ## - PUBLICATION, DISTRIBUTION, ETC. | |
| Place of publication, distribution, etc. | New Delhi , |
| Date of publication, distribution, etc. | 2011. |
| Name of publisher, distributor, etc. | PHI Learning Pvt Ltd : |
| 300 ## - PHYSICAL DESCRIPTION | |
| Extent | xxx, 690 p. ; |
| Dimensions | 29 cm. |
| 504 ## - BIBLIOGRAPHY, ETC. NOTE | |
| Bibliography, etc. note | Includes bibliographical references and indexes. |
| 505 0# - FORMATTED CONTENTS NOTE | |
| Formatted contents note | The field of organizational behavior -- Organizational justice, ethics, and corporate social responsibility -- Perception and learning : understanding and adapting to the work environment -- Individual differences : personality, skills, and abilities -- Coping with organizational life : emotions and stress -- Work-related attitudes : prejudice, job satisfaction, and organizational commitment -- Motivation in organizations -- Group dynamics and work teams -- Communication in organizations -- Decision making in organizations -- Conflict, cooperation, trust, and deviance : interpersonal behavior at work -- Power : its uses and abuses in organizations -- Leadership in organizations -- Organizational culture, creativity, and innovation -- Organizational structure and design -- Managing organizational change : strategic planning and organizational development. |
| 650 #0 - SUBJECT ADDED ENTRY--TOPICAL TERM | |
| Topical term or geographic name entry element | Basic human processes |
| 9 (RLIN) | 23557 |
| 650 #0 - SUBJECT ADDED ENTRY--TOPICAL TERM | |
| Topical term or geographic name entry element | Individual in the organizations |
| 9 (RLIN) | 23558 |
| 650 #0 - SUBJECT ADDED ENTRY--TOPICAL TERM | |
| Topical term or geographic name entry element | Influencing others |
| 9 (RLIN) | 23559 |
| 906 ## - LOCAL DATA ELEMENT F, LDF (RLIN) | |
| a | 7 |
| b | cbc |
| c | orignew |
| d | 1 |
| e | ecip |
| f | 20 |
| g | y-gencatlg |
| 942 ## - ADDED ENTRY ELEMENTS (KOHA) | |
| Source of classification or shelving scheme | Dewey Decimal Classification |
| Koha item type | Book |
| Edition | 10th |
| Call number prefix | 658.4GREJ |
| Withdrawn status | Lost status | Source of classification or shelving scheme | Damaged status | Not for loan | Collection code | Home library | Current library | Date acquired | Cost, normal purchase price | Inventory number | Total Checkouts | Full call number | Barcode | Date last seen | Date last checked out | Cost, replacement price | Price effective from | Koha item type |
|---|---|---|---|---|---|---|---|---|---|---|---|---|---|---|---|---|---|---|
| Dewey Decimal Classification | MBA | St Aloysius Institute of Management & Information Technology | St Aloysius Institute of Management & Information Technology | 03/07/2022 | 779.00 | Bill no:6131; Bill dt:2022-02-28 | 1 | 658.4 GREJ | MBA14286 | 05/23/2026 | 07/26/2023 | 623.00 | 03/14/2022 | Book | ||||
| Dewey Decimal Classification | MBA | St Aloysius Institute of Management & Information Technology | St Aloysius Institute of Management & Information Technology | 03/07/2022 | 779.00 | Bill no:6131; Bill dt:2022-02-28 | 658.4 GREJ | MBA14287 | 05/23/2026 | 623.00 | 03/14/2022 | Book | ||||||
| Dewey Decimal Classification | MBA | St Aloysius Institute of Management & Information Technology | St Aloysius Institute of Management & Information Technology | 03/07/2022 | 779.00 | Bill no:6131; Bill dt:2022-02-28 | 658.4 GREJ | MBA14288 | 05/23/2026 | 623.00 | 03/14/2022 | Book | ||||||
| Dewey Decimal Classification | Reference Book | MBA | St Aloysius Institute of Management & Information Technology | St Aloysius Institute of Management & Information Technology | 03/07/2022 | 779.00 | Bill no:6131; Bill dt:2022-02-28 | 658.4 GREJ | MBA14289 | 07/21/2025 | 623.00 | 03/14/2022 | Book |